000 01077nam2a2200253 4500
001 RU\NLR\BIBL_A\022686831
005 20260123182907.0
010 _a978-5-9973-7157-9
_9500
021 _aRU
_bКН-П-25-067275
_9КН-П-25-6499
035 _a(NLR Aleph) 022686831
090 _a13504072
_c13504072
100 _a20251212d2025 u y0rusy50 ca
101 0 _arus
102 _aRU
105 _aa z 000ay
200 1 _aПринцесса с верховых болот
_hТ. 1
_fиллюстрации художника Марии Сорокиной
210 _d2025
215 _a227 с.
_cил.
461 0 _1001RU\NLR\BIBL_A\021965775
_12001#$aТоржество Минервы$vКн. 4
_912339087
_aВаричев, А. И.
_cМосква
_d2023-
_fА. И. Варичев
_nСпутник+
_oисторическая эпопея
_tТоржество Минервы
_vКн. 4
702 1 _4040
_7ca
_8rus
_aСорокина
_bМ.
_cхудожник
_gМария
_9269955
_3RU\NLR\AUTH\770270011
942 _cBOOK
980 _aNB